000 00841cam a2200265 a 4500
008
020 _a0521550742 (hbk.)
049 _aMAIN
090 _aTA355
245 0 0 _aDynamics and control of distributed systems /
_cedited by H. S. Tzou and L. A. Bergman.
260 _aCambridge :
_bCambridge University Press,
_c1998.
300 _axvii, 374 p.
_bill. ;
_c24 cm.
500 _aIncludes index.
504 _aIncludes bibliographical references.
650 0 _aVibration
_xMathematical models.
650 0 _aDistributed parameter systems.
650 0 _aStructural control (Engineering)
700 1 _aTzou, H. S.
700 1 _aBergman, Lawrence A.
907 _a.b10168813
_b25-07-05
_c20-07-05
003
005 20230123134037.0
040 _cNUST
942 _cBOOKS
_kTA355
999 _c159035
_d159035